000
00162 a2200085 4500
020
_a
9780938317203
100
_a
Joe Hayes
245
_a
Mujeres astutas
942
_c
BK
999
_c
13472
_d
13472